000
00327pab a2200133 454500
008
180718b1987 xxu||||| |||| 00| 0 eng d
245
_a
Special issue on urbanisation and industrialisation
260
_c
1987
300
_a
3-95
362
_a
Dec.
650
_a
Urbanisation - India
773
_a
Social Change
909
_a
20196
999
_c
20196
_d
20196